000 00828nam a2200253Ia 4500
003 OSt
005 20221005112919.0
006 a|||||r|||| 00| 0
007 ta
008 221004b |||||||| |||| 00| 0 rus d
020 _a8175991844
_c300
024 _a117105
037 _b619, 07/03/2012, H.K. Prakashan
_cTextual
040 _aCRL
_cCRL
_brus
041 _2rus
_arus
082 _aO142,3N20,SI, 153P9
100 _aਅਸਕਦ ਮੁ॥ਤਾਰ
245 0 _aਭੈਣਾਂ
260 _aਦਿੱਲੀ
_bਨਵਯੁਗ ਪਬਲਿFਰਗ਼ ਭਾਰਤ
_c2009
300 _a312ਪੰ
_ccm.
650 _aਰਾFੀਅਨ ਸਾਹਿਤ
942 _hO142,3N20,SI, 153P9
_cTEXL
_2cc
999 _c1026400
_d1026400